000 00632nam a22001817a 4500
005 20120127114632.0
010 _a
020 _c100.00
_a
035 _aB-112864
037 _b
_adpl
082 _a004.65
100 _aगुप्ता, राजीव
_940218
245 1 _aसूचना प्रौद्योगिकी के नवीन आयाम
_cराजीव गुप्ता
260 _aनई दिल्ली
_bसाईबर टेक पब्लि.
_c2002
270 _a
_b
_e
_k
300 _a152पृ.
_c24सेमी (जिल्द)
942 _adpl
_cHN
_k
_2ddc
_h005
_mशंकर
999 _c61532
_d61532